000 01584nam a22001817a 4500
999 _c9161
_d9161
003 GBCCL
005 20241126110706.0
008 220419b ||||| |||| 00| 0 eng d
020 _a9780983971634
040 _cgbc
082 _a270.82
_bLAR
100 _aJohnson, Larry G
_915970
245 _aEvangelical Winter :
_bRestoring New Testament Christianity /
_cLarry G Johnson
260 _aOklahoma :
_bAnvil House Publishers LLC ,
_c2016
300 _a315p. ;
505 _aAmerican evangelicalism has been on a downward slide since the 1960s. It has progressively succumbed to the humanistic spirit of the world and as a result has made the narrow gate wide. Now, large segments of the American evangelical church no longer identify with the truth, passion, power, and other hallmarks of New Testament Christianity. The spirit of the world has captured the hearts and agenda of many evangelical churches. Accommodation and compromise are key elements used to sanitize and smooth the rough edges of an old-fashioned gospel flowing from a rugged, blood-stained cross that requires death to self. In this new church man's efforts have replaced the inerrant Word of God as its guiding light, but such has brought the chill of a wintry season which has settled over much of evangelicalism in America. Correction must be preceded by a truthful diagnosis of the church's spiritual sickness. Accurately diagnosed, the church must make necessary course corrections in the light of the unalterable pattern of New Testament Christianity. That is the purpose of this book.
942 _2ddc
_cBK
_04